000 01024nam a2200289 i 4500
001 13184
003 KOSZ 005
005 20220318143641.0
008 070620s1965 pl a f 000 0 pol
015 _aPB 1965/2705
040 _aWA N
_cWA N
_dKOSZ 005/RW
080 _a621.3
100 1 _aMiedziński, Edward
_eAutor
245 1 0 _aStraty energii w urządzeniach elektrycznych /
_cEdward Miedziński.
260 _aWarszawa :
_bWydawnictwa Naukowo-Techniczne,
_c1965.
300 _a582, [1] s., [1] k. tabl :
_bil., err. ;
_c25 cm.
380 _aKsiążki.
504 _aBibliogr. s. 582-[583].
521 8 _aDla inżynierów i studentów szkół wyższych.
650 4 _aElektroenergetyka
650 4 _aUrządzenia
650 4 _aObsługa i eksploatacja
658 _aInżynieria i technika
710 2 _aWydawnictwa Naukowo-Techniczne
_4pbl.
856 _uhttp://koha.tu.koszalin.pl/cgi-bin/koha/opac-detail.pl?biblionumber=13184
_yKatalog online BPK
942 _2UKD
_cKS
999 _c13184
_d13184